00729naa a2200217 a 450000100080000000500110000800800410001910000180006024501870007826000090026565300090027465300220028365300260030570000170033170000140034870000200036270000240038270000160040670000200042277300690044210470172006-07-11 2004 bl uuuu u00u1 u #d1 aMULLER, J. S. aSistemas agroflorestais com cafe (Coffea arabica L.) e cedro-australiano (Toona ciliata M. Roem. var. australis (F. Muell.) Bahadur ) na zona da Mata de Minas geraisbestudo de caso. c2004 aCafe aCedro-australiano aSistema agroflorestal1 aGOMES, M. A.1 aCOUTO, L.1 aPINHEIRO, A. L.1 aALVARENGA, A. de P.1 aLANI, J. L.1 aVALE, A. B. do. tAgrossilvicultura, Vicosagv. 1, n. 1, p. 51-60, jan./jun. 2004.